| 000 | 00470nam a2200169 4500 | ||
|---|---|---|---|
| 001 | 106977 | ||
| 003 | ES-MaACL | ||
| 005 | 20231223063056.0 | ||
| 007 | t| | ||
| 008 | 061121s1921 sp r ||||1| spa d | ||
| 100 | 1 |
_aMoreno Villa, José, _d1887-1955 _983443 |
|
| 245 | 1 | 0 |
_aPatrañas _b: cuentos / _cJosé Moreno Villa. |
| 260 |
_aMadrid : _bR. Caro Raggio, _c1921. |
||
| 300 |
_a174 p. ; _c18 cm. |
||
| 852 |
_aES-MaACL _jB-9497 |
||
| 999 |
_c106977 _d106977 |
||